000
00305nam a2200121Ia 4500
008
220204s9999 xx 000 0 und d
082
_a
338.5
_b
NAI;1
100
_a
NAIK, A S
245
0
_a
Effects of futures trading on prices
260
_a
Bombay
_b
Somaiya
_c
1970
650
_a
Futures trading
942
_c
BK
999
_c
36984
_d
36984